| 000 -LEADER |
| fixed length control field |
01050cam a2200289 a 4500 |
| 001 - CONTROL NUMBER |
| control field |
005121852 |
| 003 - CONTROL NUMBER IDENTIFIER |
| control field |
OSt |
| 005 - DATE AND TIME OF LATEST TRANSACTION |
| control field |
20191223095304.0 |
| 008 - FIXED-LENGTH DATA ELEMENTS--GENERAL INFORMATION |
| fixed length control field |
091125r19891988enk 000 1 eng d |
| 020 ## - INTERNATIONAL STANDARD BOOK NUMBER |
| International Standard Book Number |
0552134600 (pbk.) : |
| 020 ## - INTERNATIONAL STANDARD BOOK NUMBER |
| International Standard Book Number |
9780552134606 (pbk.) |
| 035 ## - SYSTEM CONTROL NUMBER |
| System control number |
(CaOOAMICUS)000029765108 |
| 040 ## - CATALOGING SOURCE |
| Original cataloging agency |
CaQWSMM |
| Language of cataloging |
eng |
| Transcribing agency |
QWSMM |
| Modifying agency |
CaAEVC |
| -- |
NCTU |
| 042 ## - AUTHENTICATION CODE |
| Authentication code |
nbic |
| 082 ## - DEWEY DECIMAL CLASSIFICATION NUMBER |
| Classification number |
FIC PRA |
| 100 1# - MAIN ENTRY--PERSONAL NAME |
| Personal name |
Pratchett, Terry, |
| Dates associated with a name |
1948- |
| Relator term |
author |
| 245 10 - TITLE STATEMENT |
| Title |
Wyrd sisters / |
| Statement of responsibility, etc. |
Terry Pratchett. |
| 260 ## - PUBLICATION, DISTRIBUTION, ETC. |
| Place of publication, distribution, etc. |
London : |
| Name of publisher, distributor, etc. |
Corgi Books, |
| Date of publication, distribution, etc. |
1989. |
| 300 ## - PHYSICAL DESCRIPTION |
| Extent |
331 p. ; |
| Dimensions |
18 cm. |
| 490 1# - SERIES STATEMENT |
| Series statement |
Discworld novel |
| 500 ## - GENERAL NOTE |
| General note |
Originally published: London : Gollancz, 1988. |
| 500 ## - GENERAL NOTE |
| General note |
"Starring three witches, also kings, daggers, crowns, storms, dwarfs, cats, ghosts, spectres, apes, bandits, demons, forests, heirs, jesters, tortures, trolls, turntables, general rejoicing and divers alarums."--t.p. |
| 650 #0 - SUBJECT ADDED ENTRY--TOPICAL TERM |
| Topical term or geographic name entry element |
Fantasy fiction. |
| 650 #0 - SUBJECT ADDED ENTRY--TOPICAL TERM |
| Topical term or geographic name entry element |
Discworld (Imaginary place) |
| Form subdivision |
Fiction. |
| 800 1# - SERIES ADDED ENTRY--PERSONAL NAME |
| Personal name |
Pratchett, Terry. |
| Title of a work |
Discworld series. |
| 942 ## - ADDED ENTRY ELEMENTS (KOHA) |
| Source of classification or shelving scheme |
|
| Koha item type |
Books - Fiction |